<?xml version="1.0" encoding="UTF-8"?>
<collection xmlns="http://www.loc.gov/MARC21/slim">
 <record>
  <leader>00966pamaa2200217   4500</leader>
  <controlfield tag="001">0000043583</controlfield>
  <controlfield tag="005">20121212090000.0</controlfield>
  <controlfield tag="008">080429                             eng  </controlfield>
  <datafield tag="020" ind1="0" ind2="0">
   <subfield code="a">9780443103322 </subfield>
  </datafield>
  <datafield tag="090" ind1="0" ind2="0">
   <subfield code="a">RG628.3.E34 </subfield>
   <subfield code="b">FRE 2007</subfield>
  </datafield>
  <datafield tag="100" ind1="1" ind2="0">
   <subfield code="a">Fredouille </subfield>
  </datafield>
  <datafield tag="245" ind1="1" ind2="0">
   <subfield code="a">Fetal heart ultrasound : </subfield>
   <subfield code="b">how, why and when : </subfield>
   <subfield code="b">how, why and when : </subfield>
   <subfield code="b">3 steps and 10 key points  </subfield>
   <subfield code="c">Catherine Fredouille ; Jean-Eric Develay-Morice.</subfield>
  </datafield>
  <datafield tag="260" ind1="0" ind2="0">
   <subfield code="a">Edinburgh ; New York: </subfield>
   <subfield code="b">Elsevier/Churchill Livingstone, </subfield>
   <subfield code="c">2007.</subfield>
  </datafield>
  <datafield tag="300" ind1=" " ind2=" ">
   <subfield code="a">xvi, 154 p.: </subfield>
   <subfield code="b">col. ill.; </subfield>
   <subfield code="c">26 cm.</subfield>
  </datafield>
  <datafield tag="500" ind1="0" ind2="0">
   <subfield code="a">Includes 1 DVD-ROM titled &quot;Fetal heart ultrasound ; how, why and when ; 3 steps and 10 key points / Catherine Fredouille ; Jean-Eric Develay-Morice&quot;</subfield>
  </datafield>
  <datafield tag="501" ind1="0" ind2="0">
   <subfield code="a">SAH</subfield>
  </datafield>
  <datafield tag="504" ind1="0" ind2="0">
   <subfield code="a">Includes bibliographical references and index</subfield>
  </datafield>
  <datafield tag="650" ind1="0" ind2="0">
   <subfield code="a">Fetal heart -- </subfield>
   <subfield code="x">Ultrasonic imaging </subfield>
  </datafield>
  <datafield tag="650" ind1="0" ind2="0">
   <subfield code="a">Fetal Heart -- </subfield>
   <subfield code="x">ultrasonography </subfield>
  </datafield>
  <datafield tag="700" ind1="1" ind2="1">
   <subfield code="a">Develay-Morice, </subfield>
   <subfield code="h">Jean-Eric </subfield>
  </datafield>
  <datafield tag="901" ind1=" " ind2=" ">
   <subfield code="u">http://www.elsevierhealth.com</subfield>
  </datafield>
 </record>
</collection>
